000
00231 a2200097 4500
001
13137
100
_a
Awde. N.
245
_a
Women in Islam : An anthology from the quran and hadiths
260
_a
_b
Curzon
_c
090
_c
10139
_d
10139
942
_a
NUST-CAE
_c
M
_c
158
999
_c
248210
_d
248210